| 000 | 00507nam a2200157 a 4500 | ||
|---|---|---|---|
| 001 | 000031835 | ||
| 005 | 20200930063222.0 | ||
| 008 | 110706s1959 dr a 000 0 spa d | ||
| 040 |
_aDO-SdBNP _bspa _cBNPHU |
||
| 082 |
_axxx _bR621 |
||
| 100 | 1 |
_aRivera González, José Antonio _958043 |
|
| 245 | 1 | 0 |
_aTrujillo y el alcázar de Colón / _cJosé Antonio Rivera González. |
| 260 |
_aCiudad Trujillo, República Dominicana : _bEditora del Caribe, _c1959. |
||
| 300 |
_a110 p. : _bil. ; _c23 cm. |
||
| 049 | _aBNPD | ||
| 999 |
_c31327 _d31327 |
||